000 01020nam a2200217Ia 4500
999 _c44635
_d44635
001 11438
003 GE_BSU
005 20250616122636.0
008 181216s2002||||ge |||||||||||||| ||geo||
040 _cGE_BSU
041 _ageo
080 _a634.1 ზ-33
100 _aზარდალიშვილი, ო.
_92501
245 _aმრავალწლოვანი სასოფლო-სამეურნეო კულტურები:
_b[სახელმძღვანელო] /
_cო. ზარდალიშვილი, მ. ვარძელაშვილი; რედაქტორი ზ. ბურდილაძე.
264 _aთბილისი,
_c2002.
300 _a184 გვ.;
_b20 სმ.
653 _aსასოფლო-სამეურნეო კულტურები
700 _aვარძელაშვილი, მ.
_eავტორი
_925436
700 _aბურდილაძე, ზ.
_eრედაქტორი
_92504
942 _cBK
_2udc